Crecimiento compensansatorio de corderos en finalización: Pastoreo VS estabulado/ (Record no. 220706)
[ view plain ]
| 000 -CABECERA | |
|---|---|
| campo de control de longitud fija | 03398nam a2200361 a 4500 |
| 003 - IDENTIFICADOR DEL NÚMERO DE CONTROL | |
| campo de control | OSt |
| 005 - FECHA Y HORA DE LA ÚLTIMA TRANSACCIÓN | |
| campo de control | 20250812105513.0 |
| 007 - CAMPO FIJO DE DESCRIPCIÓN FÍSICA--INFORMACIÓN GENERAL | |
| campo de control de longitud fija | cr ||||||a|a|a |
| 008 - DATOS DE LONGITUD FIJA--INFORMACIÓN GENERAL | |
| campo de control de longitud fija | 250627s2025 mx a|||fom||| 001 0 spa d |
| 040 ## - FUENTE DE LA CATALOGACIÓN | |
| Normas de descripción | rda |
| 100 1# - ENTRADA PRINCIPAL--NOMBRE DE PERSONA | |
| Nombre de persona | González García, Lizette Sinaí |
| 9 (RLIN) | 190542 |
| 245 10 - MENCIÓN DE TÍTULO | |
| Título | Crecimiento compensansatorio de corderos en finalización: Pastoreo VS estabulado/ |
| Mención de responsabilidad, etc. | por Lizette Sinaí Gonzalez García y Aldair Quiroz Herrera; director de tesis Pablo Arenas Baéz; secretario Lorenzo Danilo Granados Rivera; vocal Jorge Alonso Maldonado Jáquez; suplente Sandra Patricia Maciel Torres; suplente Alejandra Cabrera Rodriguez. |
| 264 #1 - PRODUCCIÓN, PUBLICACIÓN, DISTRIBUCIÓN, FABRICACIÓN Y COPYRIGHT | |
| Producción, publicación, distribución, fabricación y copyright | Chapingo, México : |
| Nombre del de productor, editor, distribuidor, fabricante | El autor, |
| Fecha de producción, publicación, distribución, fabricación o copyright | 2024. |
| 300 ## - DESCRIPCIÓN FÍSICA | |
| Extensión | 1 recurso en línea (33 páginas): |
| Otras características físicas | cuadros, figuras. |
| 336 ## - TIPO DE CONTENIDO | |
| Fuente | rdacontent |
| Término de tipo de contenido | texto |
| Código de tipo de contenido | txt |
| 337 ## - TIPO DE MEDIO | |
| Fuente | rdamedia |
| Nombre/término del tipo de medio | computadora |
| Código del tipo de medio | c |
| 338 ## - TIPO DE SOPORTE | |
| Fuente | rdacarrier |
| Nombre/término del tipo de soporte | recurso en línea |
| Código del tipo de soporte | cr |
| 502 ## - NOTA DE TESIS | |
| Tipo de título | Ingeniería en Sistemas Pecuarios |
| Nombre de la institución que otorga el título | Unidad Regional Universitaria de Zonas Áridas, |
| Año de obtención del título | 2024. |
| Información miscelánea | Licenciatura |
| 504 ## - NOTA DE BIBLIOGRAFÍA, ETC. | |
| Nota de bibliografía, etc. | Incluye referencias bibliográficas: páginas26-27. |
| 520 ## - SUMARIO, ETC. | |
| Sumario, etc. | La presente tesis se realizó en la granja experimental de la Unidad Regional Universitaria de Zonas Áridas de la Universidad Autónoma Chapingo con el objetivo de evaluar y comparar el crecimiento compensatorio en ovinos raza dorper; 5 corderos destetados provenientes de unos sistemas de pastoreo y 5 corderos destetados de la posta zootécnica de la Unidad Regional Universitaria de Zonas Áridas. Los 10 corderos fueron clasificados de acuerdo con su sistema de procedencia (pastoreo o estabulación) y fueron separados en jaulas individuales donde eran alimentados por el 3% de su peso vivo por un periodo de 4 meses. Las variables que se evaluaron fueron: consumo de agua, consumo de alimento, peso vivo, ganancia diaria de peso, conversión y eficiencia alimenticia. Existió una interacción tratamiento por tiempo en las variables peso vivo (PV) y ganancia diaria de peso (GDP). En el caso del PV a partir de la semana cuatro y hasta la semana diez, los corderos provenientes del sistema extensivo tuvieron un mayor crecimiento en comparación con los corderos del sistema estabulado. En el caso de la interacción tratamiento por tiempo en la variable GDP mostro un incremento en las primeras cuatro semanas de los corderos del sistema extensivo. Bajo las condiciones experimentales del estudio se concluye que corderos que provienen de un sistema extensivo al ingresar a un proceso de engorda intensiva con alimentación a través de una dieta integral experimentan un crecimiento compensatorio. Dicho crecimiento compensatorio ocasiona que al final del proceso de engorda obtengan similar peso vivo que corderos provenientes de sistemas estabulados. |
| 650 #4 - PUNTO DE ACCESO ADICIONAL DE MATERIA--TÉRMINO DE MATERIA | |
| Término de materia o nombre geográfico como elemento de entrada | Ganado lanar |
| Subdivisión general | Alimentación |
| 9 (RLIN) | 45153 |
| 650 #4 - PUNTO DE ACCESO ADICIONAL DE MATERIA--TÉRMINO DE MATERIA | |
| Término de materia o nombre geográfico como elemento de entrada | Ganado lanar |
| Subdivisión general | Peso |
| 9 (RLIN) | 45211 |
| 650 #4 - PUNTO DE ACCESO ADICIONAL DE MATERIA--TÉRMINO DE MATERIA | |
| Término de materia o nombre geográfico como elemento de entrada | Ganado lanar |
| Subdivisión general | Crecimiento |
| 9 (RLIN) | 45166 |
| 650 #4 - PUNTO DE ACCESO ADICIONAL DE MATERIA--TÉRMINO DE MATERIA | |
| Término de materia o nombre geográfico como elemento de entrada | Ganado lanar |
| Subdivisión general | Pastoreo |
| 9 (RLIN) | 45209 |
| 700 1# - PUNTO DE ACCESO ADICIONAL--NOMBRE DE PERSONA | |
| Nombre de persona | Quiroz Herrera, Aldair |
| 9 (RLIN) | 190543 |
| 700 1# - PUNTO DE ACCESO ADICIONAL--NOMBRE DE PERSONA | |
| Nombre de persona | Arenas Baéz, Pablo |
| 9 (RLIN) | 6948 |
| 700 1# - PUNTO DE ACCESO ADICIONAL--NOMBRE DE PERSONA | |
| Nombre de persona | Granados Rivera, Lorenzo Danilo |
| 9 (RLIN) | 50354 |
| Término indicativo de función/relación | secretario. |
| 700 1# - PUNTO DE ACCESO ADICIONAL--NOMBRE DE PERSONA | |
| Nombre de persona | Maldonado Jaquez, Jorge Alonso |
| 9 (RLIN) | 70104 |
| Término indicativo de función/relación | vocal. |
| 700 1# - PUNTO DE ACCESO ADICIONAL--NOMBRE DE PERSONA | |
| Nombre de persona | Maciel Torres, Sandra Patricia |
| 9 (RLIN) | 133670 |
| Término indicativo de función/relación | suplente. |
| 700 1# - PUNTO DE ACCESO ADICIONAL--NOMBRE DE PERSONA | |
| Nombre de persona | Cabrera Rodríguez, Alejandra |
| Término indicativo de función/relación | suplente. |
| 9 (RLIN) | 186043 |
| 856 ## - LOCALIZACIÓN Y ACCESO ELECTRÓNICOS | |
| Identificador Uniforme del Recurso | http://10.13.5.2/tesis/tl/1910895-7_Y_1712120-7_GONZALEZ_GARCIALIZETTE_SINAI_Y_QUIROZ_HERRERA_ALDAIR.pdf |
| Nota pública | DESCARGAR PDF |
| 942 ## - ELEMENTOS DE PUNTO DE ACCESO ADICIONAL (KOHA) | |
| Fuente del sistema de clasificación o colocación | Clasificación Universidad Autónoma Chapingo |
| Tipo de ítem Koha | Tesis digital |
| Estado de retiro | Estado de pérdida | Fuente del sistema de clasificación o colocación | Estado dañado | Restricciones de uso | No para préstamo | Código de colección | Localización permanente | Ubicación/localización actual | Ubicación en estantería | Fecha de adquisición | Total de préstamos | Signatura topográfica completa | Fecha visto por última vez | Precio válido a partir de | Tipo de ítem Koha |
|---|---|---|---|---|---|---|---|---|---|---|---|---|---|---|---|
| Clasificación Universidad Autónoma de Chapingo | Préstamo interno | Tesis digitales de Licenciatura | Biblioteca Digital | Biblioteca Digital | En línea | 27/06/2025 | Tesis digital | 27/06/2025 | 27/06/2025 | Tesis digital |
